Angličtina pre jazykové školy a kurzy 1

Podrobná bibliografia
Hlavný autor: Maříková, Mária (Autor)
Ďalší autori: Cipár, Miroslav, 1935-2021 (Ilustrátor)
Médium: Kniha
Jazyk:angličtina
slovenčina
Fyzický popis:362 strán, 4 listy ilustrácie, noty, schémy, tabuľky 21 cm 1 voľná príloha (4 listy)
Vydavateľské údaje: Bratislava Slovenské pedagogické nakladateľstvo 1989
ISBN:8008004290
Vydanie:4. dopl. vyd.
Predmet:

MARC

LEADER 00000cam a2200000 a 4500
001 vtls001060318
003 SK-MaSNL
005 20260425231425.0
008 231120s1989 xo gal frp 00000 eng
015 |a SNBA1989 
020 |a 8008004290  |q (viazané) 
035 |a SNK000003146 
035 |a 35A64C4F-EA56-4686-9D53-08356F2571F1 
035 |a urn:nbn:sk:snk-am00hkdv 
035 |a 322E3870-C221-45E8-A889-ECDCB4BA461C 
035 |a urn:nbn:sk:snk-am00ijm8 
040 |a SNK  |b slo  |c SNK  |e AACR2 
041 0 |a eng  |a slo 
044 |a xo  |c SK 
072 7 |a 811.111  |x Angličtina  |2 konspekt 
072 7 |a 81  |x Lingvistika. Jazyky  |2 konspekt 
072 7 |a 37.016  |x Učebné osnovy. Vyučovacie predmety. Učebnice  |2 konspekt 
080 |a 811.111  |2 2011 
080 |a 81'36  |2 2011 
080 |a 37.018.554(075)  |2 2011 
100 1 |a Maříková, Mária  |4 aut  |9 45587 
245 1 0 |a Angličtina pre jazykové školy a kurzy 1  |c Mária Maříková ; [ilustroval Miroslav Cipár] 
246 3 8 |a Angličtina 1 
250 |a 4. dopl. vyd. 
260 |a Bratislava  |b Slovenské pedagogické nakladateľstvo  |c 1989 
300 |a 362 strán, 4 listy  |b ilustrácie, noty, schémy, tabuľky  |c 21 cm  |e 1 voľná príloha (4 listy) 
366 |e 10000 kusov 
500 |a Značky na strane 10. Zoznam použitých skratiek na strane 11. Vysvetlenie značiek fonetického prepisu na strane 16-17. Anglicko-slovenský slovník na strane 308-335. Slovensko-anglický slovník na strane 336-[363] 
500 |a Názov z chrbta knihy: Angličtina 1 
546 |a Súbežný text v slovenčine 
650 0 7 |a angličtina  |2 SNKPH  |9 1260 
650 0 7 |a gramatika  |2 SNKPH  |9 865 
655 7 |a učebnice jazykových škôl  |2 SNKPH  |9 106234 
700 1 |a Cipár, Miroslav,  |d 1935-2021  |4 ill  |9 111749 
852 |a Slovenská národná knižnica 
919 |a 80-08-00429-0 
954 |a odborná, vedecká literatúra pôvodná (slovenská)  |2 lita 
958 |a RK 
958 |a TL 
958 |a OND 
958 |a UC 
958 |a EUIPO 
999 |c 703914  |d 705844 
952 |a SNK  |b SNK  |y PREZ  |7 0  |p 17A0095373  |o snkSC 76065  |i snkKSP 11159/89  |z Príloha: 4 voľné rozkladacie tabuľkové prílohy  |0 0  |1 0  |4 0  |d 1997-09-16  |f 1  |l 0  |r 2004-12-31 00:00:00  |w 2026-02-23 
952 |t P60, <04>, [BOOK], {604}  |a SNK  |b SNK  |y VYP  |7 0  |p 17A0159889  |o snkSC 76065 D1  |0 0  |1 0  |4 0  |d 1998-09-08  |l 0  |r 2004-12-31 00:00:00  |w 2026-02-23 
952 |a SNK  |b SNK  |y PREZ  |7 0  |p 17A0997591  |o snkSC 76065/príl.  |i snkKSP 11159/89  |z príloha 4 voľné listy  |0 0  |1 0  |4 0  |d 2022-10-18  |f 1  |l 0  |r 2026-02-23 21:07:27  |w 2026-02-23